000 00894nam a2200229 a 4500
003 CBULib
005 20240513082809.0
008 070808s2006 ||||||||||||||||| || u
040 _aLC
_bEnglish
_cCBUlib
_dCBUlib
_erda
050 _aUNCTAD(08)TFH
_b1
082 _aUNCTAD(08)TFH
_b1
110 _aUnited Nations Conference on Trade and Development (UNCTAD)
245 1 0 _aTrade facilitation handbook part II:technical notes on essential trade facilittion measures
_c/by United Nations Conference on Trade and Development (UNCTAD)
260 _aNew York:
_bUNITED NATIONS
_c2006
300 _a86 Pages
350 _a0.00
650 0 _aFOREIGN TRADE REGULATION
_9939
650 0 _aINTERNATIONAL ECONOMIC RELATIONS--HANDBOOKS, MANUALS, E.T.C
650 0 _aTARDE FACILITATION
_92917
942 _2lcc
_c029
_n0
999 _c60167
_d60167